[Event "Arab Elite Championship 2011"]
[Site "Dubai UAE"]
[Date "2011.10.02"]
[Round "9"]
[White "Khader,Sam"]
[Black "Daouda,Sabar Ousmane"]
[Result "1-0"]
[WhiteElo "2416"]
[BlackElo "2097"]

1.d4 d5 2.c4 c6 3.Nf3 Nf6 4.Qc2 e6 5.Nbd2 Nbd7 6.g3 Qa5 7.Bg2 Ne4 8.O-O Ndf6
9.Ne5 Nd6 10.a4 Bd7 11.Nb3 Qd8 12.Nc5 Qc8 13.Bg5 b6 14.Ncd3 Nfe4 15.Bf4 f6
16.Nxd7 Qxd7 17.f3 Ng5 18.Bxg5 fxg5 19.Ne5 Qb7 20.Bh3 Nf7 21.Bxe6 Nxe5 22.dxe5 Bc5+
23.Kh1 Ke7 24.Bh3 Raf8 25.Qd2  1-0

[Event "World Amateur Chess Championship"]
[Site "Antalya TUR"]
[Date "2011.10.03"]
[Round "3"]
[White "Djodj,G"]
[Black "Pakkurti,Vijay Kumar"]
[Result "1-0"]
[WhiteElo "1905"]
[BlackElo "1552"]

1.d4 d5 2.c4 c6 3.Nf3 Nf6 4.Qb3 dxc4 5.Qxc4 b5 6.Qc2 Bb7 7.e4 a6 8.Bd3 e6
9.O-O Nbd7 10.Bg5 Be7 11.Re1 c5 12.Bxf6 gxf6 13.a4 c4 14.Bf1 f5 15.exf5 e5
16.Nxe5 Nxe5 17.dxe5 Bb4 18.Nc3 Qg5 19.Ne4 Qg7 20.Nd6+ Bxd6 21.exd6+ Kd8
22.Qe2 f6 23.Qe7+ Qxe7 24.Rxe7 Bc6 25.axb5 axb5 26.Rxa8+ Bxa8 27.f3 h5 28.Kf2 h4
29.Rf7 Bd5 30.Rxf6 Kd7 31.b3 Kc6 32.bxc4 bxc4 33.Ke3 Kc5 34.d7 Rd8 35.Rh6 c3
36.Bd3 h3 37.Rxh3 Bc4 38.Rh4 Bb3 39.Rd4 Kc6 40.Be4+ Kc5 41.f6 Be6 42.g4 Bxd7
43.f7  1-0

[Event "Belgrade Premier League 2011"]
[Site "Belgrade SRB"]
[Date "2011.10.03"]
[Round "3.6"]
[White "Simic,R"]
[Black "Tosic,S"]
[Result "1/2-1/2"]
[WhiteElo "2380"]
[BlackElo "2338"]

1.Nf3 Nf6 2.c4 c6 3.d4 d5 4.Qc2 dxc4 5.Qxc4 Bf5 6.g3 e6 7.Bg2 Be7 8.O-O O-O
9.e3 Nbd7 10.Rd1 Qb6 11.Qe2 Rfd8 12.Nc3 Ne4 13.Nd2 Nxd2 14.Bxd2 Bg6 15.Na4 Qc7
16.Rac1 Nf6 17.Be1 Rd7 18.b4 a6 19.a3  1/2-1/2

[Event "FSIMA Oct"]
[Site "Budapest HUN"]
[Date "2011.10.07"]
[Round "7"]
[White "Stigar,P"]
[Black "Korpa,B"]
[Result "1-0"]
[WhiteElo "2298"]
[BlackElo "2237"]

1.Nf3 d5 2.d4 Nf6 3.c4 c6 4.Qb3 dxc4 5.Qxc4 Bf5 6.g3 e6 7.Bg2 Nbd7 8.O-O Be7
9.e3 O-O 10.Qe2 Ne4 11.Rd1 Qc7 12.Nfd2 Nxd2 13.Bxd2 Rad8 14.e4 Bg6 15.Nc3 c5
16.d5 a6 17.f4 Nf6 18.d6 Rxd6 19.e5 Rxd2 20.Rxd2 Nd7 21.Rad1 Nb8 22.g4 c4
23.Be4 Bxe4 24.Qxe4 b5 25.a3 Bc5+ 26.Kg2 Re8 27.Qf3 Rf8 28.Ne4 Be7 29.h3 Rc8
30.Nd6 Rf8 31.Qe4 Qc6 32.Qxc6 Nxc6 33.a4 Nb4 34.axb5 axb5 35.Nxb5 Nd5 36.Rxd5 exd5
37.Rxd5 Ra8 38.Nc3 Rb8 39.Rb5 Rd8 40.Nd5 Bf8 41.Kf3 Re8 42.Rb7 Bc5 43.Ke4 f6
44.Rc7 Bd6 45.Rc6 Bb8 46.e6 h5 47.Nb6 hxg4 48.hxg4 g6 49.Nxc4  1-0

[Event "20th TCh-CRO 1a"]
[Site "Sibenik CRO"]
[Date "2011.10.07"]
[Round "4.5"]
[White "Cvitan,O"]
[Black "Jankovic,A"]
[Result "1/2-1/2"]
[WhiteElo "2507"]
[BlackElo "2584"]

1.d4 d5 2.c4 c6 3.Nf3 dxc4 4.e3 Be6 5.a4 Nf6 6.Na3 c5 7.Nxc4 Nc6 8.a5 cxd4
9.exd4 Bd5 10.Be2 e6 11.O-O  1/2-1/2

[Event "ch-UKR w 2011"]
[Site "Poltava UKR"]
[Date "2011.10.08"]
[Round "2.7"]
[White "Vasilevich,T"]
[Black "Doluhanova,E"]
[Result "1/2-1/2"]
[WhiteElo "2423"]
[BlackElo "2250"]

1.d4 d5 2.c4 c6 3.Nf3 Nf6 4.g3 dxc4 5.Bg2 b5 6.O-O a6 7.Nc3 e6 8.Ne5 Bb7
9.a4 Nd5 10.e4 Nxc3 11.bxc3 Nd7 12.Nxd7 Qxd7 13.e5 Be7 14.Qg4 g6 15.Bh6 Bf8
16.Bxf8 Rxf8 17.Qh4 h5 18.Be4 Qd8 19.Qf4 Kd7 20.Qf3 Qe7 21.Ra2 Rfc8 22.Rfa1 Kc7
23.Qe2 Kb8 24.Rb2 Ra7 25.Qf3 Rc7 26.Rba2 Rc8 27.Kg2 Ra8 28.h3 Ra7 29.Qf4 Rc7
30.g4 hxg4 31.hxg4 Rc8 32.Rh1 c5 33.axb5 axb5 34.Rb2 Bxe4+ 35.Qxe4 Rb7 36.Rhb1 Qd7
37.Rd1 cxd4 38.Rxd4 Qc6 39.Kf3 Qxe4+ 40.Kxe4 Rh8 41.Rbd2 Rh1 42.Rd6 Ra1 43.Kd4 Ra3
44.Kc5 Rc7+ 45.Kb6 Rb7+ 46.Kc5 Rc7+ 47.Kb6 Rb7+ 48.Kc5  1/2-1/2

[Event "20th TCh-CRO 1b"]
[Site "Sibenik CRO"]
[Date "2011.10.08"]
[Round "5.2"]
[White "Maras,M"]
[Black "Glavas,D"]
[Result "1/2-1/2"]
[WhiteElo "2244"]
[BlackElo "2322"]

1.d4 d5 2.Nf3 c6 3.c4 Nf6 4.Qc2 dxc4 5.Qxc4 Bf5 6.e3 e6 7.Bd3 b5 8.Qc2 Bb4+
9.Bd2 Bxd3 10.Qxd3 Be7 11.O-O Nbd7 12.Qc2 Rc8 13.Rc1 O-O 14.b4 Nd5 15.a3 Bf6
16.Nc3 Nxc3 17.Bxc3 Nb6 18.Nd2 Qd7 19.Nb3 Nc4 20.Nc5 Qc7 21.Ne4 Be7 22.Nd2 Nb6
23.Ra2 Bd6 24.g3 Qe7 25.Qb3 Rc7 26.Rac2 Rfc8 27.Bb2 Qd7 28.Nf3 Ra8 29.e4 a5
30.bxa5 Nc4 31.d5 cxd5 32.exd5 exd5 33.Qd3 Nxb2 34.Qxd5 Rac8 35.Rxc7 Rxc7
36.Rxc7 Qxc7 37.a6 Nc4 38.Qxb5 Nb6 39.Qe8+ Bf8 40.Ne5 Qe7 41.Qb5 Nc8 42.Qb7 Qe8
43.Nxf7 Bc5 44.Ne5 Qxe5 45.Qxc8+ Kf7 46.Qb7+ Kg6 47.Kg2 Qd4 48.Qf3 h6 49.h4 Kh7
50.h5 Kg8 51.Qf5 Ba7 52.a4 Qb6 53.Qc8+ Kf7 54.Qc4+ Ke7 55.Qe2+ Kf8 56.Qf3+ Kg8  1/2-1/2

[Event "e2e4 High Wycombe Open"]
[Site "Uplands Park ENG"]
[Date "2011.10.08"]
[Round "2"]
[White "Savage,Nicholas W"]
[Black "Kourtseva,Julie"]
[Result "1-0"]
[WhiteElo "2133"]
[BlackElo "1777"]

1.d4 d5 2.c4 c6 3.Nf3 Nf6 4.Qc2 g6 5.Bf4 Bf5 6.Qb3 Qb6 7.c5 Qxb3 8.axb3 Nbd7
9.Nc3 Bg7 10.e3 O-O 11.h3 h6 12.b4 g5 13.Bh2 a6 14.Be2 Rfe8 15.O-O Bh7 16.Rfd1 Nf8
17.h4 g4 18.Ne5 h5 19.Bd3 Bxd3 20.Rxd3 Ne4 21.Nxe4 dxe4 22.Rd2 Bxe5 23.Bxe5 Rad8
24.Rad1 Rd5 25.f3 gxf3 26.gxf3 exf3 27.e4 Rd7 28.Kf2 Ng6 29.Rg1 Kf8 30.Rg5 f6
31.Rxg6 fxe5 32.d5 Kf7 33.Rg5 cxd5 34.Rxe5 d4 35.Rd5 Rxd5 36.exd5 e5 37.dxe6+ Rxe6
38.Kxf3 Re3+ 39.Kf4 Rb3 40.Rxd4 Rxb2 41.Rd7+ Kf6 42.Rxb7 Rf2+ 43.Kg3 Rf5
44.Rb6+ Ke5 45.Rxa6 Kd5 46.Rd6+ Kc4 47.Rb6 Rf8 48.c6 Rc8 49.b5 Kc5 50.Rb7 Kd6
51.c7 Rxc7 52.Rxc7 Kxc7 53.Kf4 Kb6 54.Kg5 Kxb5 55.Kxh5 Kc6 56.Kg6  1-0

[Event "TCh-BEL 2011-12"]
[Site "Belgium BEL"]
[Date "2011.10.09"]
[Round "1.3"]
[White "Alienkin,A"]
[Black "Van der Stricht,G"]
[Result "1/2-1/2"]
[WhiteElo "2379"]
[BlackElo "2365"]

1.Nf3 d5 2.d4 c6 3.c4 Nf6 4.Qb3 dxc4 5.Qxc4 Bf5 6.g3 e6 7.Bg2 Nbd7 8.O-O Be7
9.Nc3 O-O 10.Qb3 Qb6 11.Nd2 e5 12.Qxb6 axb6 13.Nf3 exd4 14.Nxd4 Bg6 15.e4 Bc5
16.Nb3 b5 17.Bg5 Bb4 18.f3 h6 19.Bf4 Nb6 20.a3 Be7 21.Rad1 b4 22.axb4 Bxb4
23.Bc1 Nfd7 24.Rfe1 Nc5 25.Nxc5 Bxc5+ 26.Be3 Bxe3+ 27.Rxe3 Nc4 28.Re2 Rfd8
29.Kf2 f6 30.Rc2 Bf7 31.Bf1 Kf8 32.Bxc4 Bxc4 33.Rcd2 Rxd2+ 34.Rxd2 Ke7 35.Ke3 Ra1
36.Kd4  1/2-1/2

[Event "TCh-BEL 2011-12"]
[Site "Belgium BEL"]
[Date "2011.10.09"]
[Round "1.2"]
[White "Winants,L"]
[Black "Wirig,A"]
[Result "1/2-1/2"]
[WhiteElo "2540"]
[BlackElo "2499"]

1.d4 d5 2.c4 c6 3.Nf3 Nf6 4.Qc2 g6 5.g3 Bg7 6.Bg2 O-O 7.O-O Bf5 8.Qb3 Qb6
9.Nc3 Rd8 10.c5 Qxb3 11.axb3 Na6 12.Bf4 Nd7 13.h3 Be4 14.Rfd1 Bxf3 15.Bxf3 e5
16.Bg5 exd4 17.Nxd5 f6 18.Bf4 Ndxc5 19.b4 cxd5 20.bxc5 Nxc5 21.e3 f5 22.exd4 Ne4
23.Be3 a6 24.Rdc1 Rac8 25.Be2 Kf7 26.Kg2 Ke6 27.Bd3 Rxc1 28.Rxc1 Kd7 29.g4 Rc8  1/2-1/2

[Event "ch-UKR w 2011"]
[Site "Poltava UKR"]
[Date "2011.10.10"]
[Round "4.4"]
[White "Tsirulnik,Mari"]
[Black "Doluhanova,E"]
[Result "1/2-1/2"]
[WhiteElo "2168"]
[BlackElo "2250"]

1.d4 d5 2.c4 c6 3.Nf3 Nf6 4.Qb3 e6 5.Bg5 Nbd7 6.e3 h6 7.Bh4 Qb6 8.c5 Qa5+
9.Qc3 Qd8 10.Nbd2 g5 11.Bg3 Nh5 12.Bd3 Nxg3 13.hxg3 Bg7 14.e4 b6 15.exd5 exd5
16.cxb6 Qxb6 17.O-O g4 18.Rfe1+ Kd8 19.Ne5 Nxe5 20.dxe5 Re8 21.Nb3 Bf8 22.a3 Rb8
23.Na5 Bc5 24.Re2 Bd7 25.Rd1 Bd4 26.Qe1 c5 27.Bc2 Bb5 28.Bd3 Ba4 29.b3 Bd7
30.Bc2 Bb5 31.Bd3  1/2-1/2

[Event "11th Winterthur Open"]
[Site "Winterthur SUI"]
[Date "2011.10.10"]
[Round "3"]
[White "Gaehwiler,G"]
[Black "Ulibin,M"]
[Result "0-1"]
[WhiteElo "2205"]
[BlackElo "2561"]

1.d4 d5 2.Nf3 c6 3.c4 dxc4 4.e3 Be6 5.Nbd2 b5 6.a4 Qa5 7.Be2 Nf6 8.O-O Bc8
9.e4 e6 10.e5 Nd5 11.Ne4 Ba6 12.Nfg5 Qc7 13.f4 g6 14.g4 h6 15.Nxf7 Qxf7 16.f5 Nd7
17.fxe6 Qxe6 18.g5 h5 19.Bf3 b4 20.Bg2 O-O-O 21.Nf2 Kb8 22.Bh3 Qe8 23.Ne4 c3
24.Rf3 Ka8 25.bxc3 Nxe5 26.dxe5 Qxe5 27.Qe1 Bc5+ 28.Kh1 Rhe8 29.cxb4 Bxb4  0-1

[Event "49th ch-IND NatA"]
[Site "Aurangabad IND"]
[Date "2011.10.11"]
[Round "3"]
[White "Kunte,A"]
[Black "Shyam,N"]
[Result "1-0"]
[WhiteElo "2528"]
[BlackElo "2418"]

1.d4 d5 2.c4 c6 3.Nf3 Nf6 4.Qc2 dxc4 5.Qxc4 Bf5 6.g3 e6 7.Bg2 Nbd7 8.O-O Bd6
9.Nc3 Rc8 10.Nh4 Bg6 11.e4 e5 12.Nxg6 hxg6 13.dxe5 Nxe5 14.Qe2 Qc7 15.Bf4 O-O
16.Rac1 Qb8 17.Rfd1 Rcd8 18.h3 Rfe8 19.Be3 b5 20.b3 Ba3 21.Rb1 Bb4 22.Qc2 Ba5
23.f4 Bb6 24.Bxb6 Qxb6+ 25.Qf2 Qxf2+ 26.Kxf2 Nd3+ 27.Ke3 Nb4 28.e5 g5 29.a3 gxf4+
30.gxf4 Nc2+ 31.Kf2 Nh5 32.Bxc6 Rxd1 33.Rxd1 Rc8 34.Nd5 Kf8 35.Bxb5 Nxa3
36.Be2 Rc2 37.Ra1 Nb5 38.Ke3 Nc3 39.Bxh5 Nxd5+ 40.Ke4 Nc3+ 41.Kd3 Rh2 42.Bg4 Nd5
43.f5 Nb4+ 44.Ke4 Na2 45.Kf4 Rd2 46.Kg5 a6 47.e6 Nb4 48.Rc1 Nc2 49.Bd1 f6+
50.Kg6 Rg2+ 51.Kh7  1-0

[Event "US Chess League 2011"]
[Site "ICC INT"]
[Date "2011.10.11"]
[Round "7"]
[White "Vojinovic,G"]
[Black "Milat,M"]
[Result "1-0"]
[WhiteElo "2435"]
[BlackElo "2300"]

1.d4 Nf6 2.Nf3 d5 3.c4 c6 4.Qc2 g6 5.Bf4 Bg7 6.e3 O-O 7.Nc3 Na6 8.Qb3 Qb6
9.h3 dxc4 10.Bxc4 Qxb3 11.Bxb3 Nb4 12.Ne5 Nfd5 13.Nxd5 cxd5 14.Kd2 Bf5 15.a3 Bxe5
16.axb4 Bxf4 17.exf4 a6 18.Rhe1 Be6 19.Re5 h5 20.Ra5 b6 21.Ra3 Rfd8 22.Bc2 Kf8
23.Bxg6 fxg6 24.Rxe6 Kf7 25.Rxb6 Rdb8 26.Raxa6 Rxb6 27.Rxb6 Ra2 28.Kc2 Ra1
29.Rc6 Rf1 30.b5 Rxf2+ 31.Kb3 Ke8 32.b6 Kd7 33.b7  1-0

[Event "49th ch-IND NatA"]
[Site "Aurangabad IND"]
[Date "2011.10.13"]
[Round "5"]
[White "Vidit,S"]
[Black "Sriram,J"]
[Result "1/2-1/2"]
[WhiteElo "2508"]
[BlackElo "2410"]

1.d4 d5 2.c4 c6 3.Nf3 Nf6 4.Qb3 e6 5.Bg5 h6 6.Bh4 g5 7.Bg3 Ne4 8.Nc3 Bg7
9.e3 Nxg3 10.hxg3 Nd7 11.Bd3 b6 12.O-O-O Bb7 13.Kb1 Qe7 14.cxd5 cxd5 15.Bb5 O-O-O
16.Qa4 Kb8 17.Rc1 g4 18.Ne1 Nf6 19.Nd3 Ne8 20.Nb4 Nc7 21.Nc6+ Bxc6 22.Bxc6 Ne8
23.Rc2 Nd6 24.Rhc1 Rc8 25.Nb5 Nxb5 26.Qxb5 Rhd8 27.Qa6 Rc7 28.a4 Rdc8 29.a5 Qb4
30.Rc3 Bf8 31.axb6 Qxb6 32.Qa4 Bb4 33.R3c2 a5 34.Bd7 Rxc2 35.Rxc2 Rxc2 36.Qxc2 Qc7  1/2-1/2

[Event "Indonesia Open"]
[Site "Jakarta INA"]
[Date "2011.10.13"]
[Round "1.6"]
[White "Tkachiev,V"]
[Black "Novita,A"]
[Result "1-0"]
[WhiteElo "2631"]
[BlackElo "2310"]

1.d4 d5 2.c4 c6 3.Nf3 Nf6 4.Qb3 e6 5.Bg5 Nbd7 6.Nc3 Be7 7.e3 Ne4 8.Bxe7 Qxe7
9.Bd3 f5 10.Rc1 O-O 11.Qa3 Qf6 12.O-O g5 13.cxd5 exd5 14.Bxe4 fxe4 15.Nd2 Qh6
16.Qe7 Rf7 17.Qd8+ Kg7 18.Nxd5 Rf8 19.Qe7+ Rf7 20.Qe8 Rf8 21.Qxe4 cxd5 22.Qxd5 Nf6
23.Rc7+ Kh8 24.Qd6 b6 25.Rfc1 Ba6 26.Nf3 Bd3 27.h3 Be4 28.Ne5 Bd5 29.Nd7 Rad8
30.Qe7 Rde8 31.Qd6 Rd8 32.Qe5 Rde8 33.Qd6 Rd8 34.Rxa7 Rf7 35.Rcc7 Qg7 36.Nxf6 Rxd6
37.Rc8+ Rf8 38.Rxf8+  1-0

[Event "Indonesia Open"]
[Site "Jakarta INA"]
[Date "2011.10.14"]
[Round "3.26"]
[White "Sitanggang,S"]
[Black "Panggabean,H"]
[Result "1-0"]
[WhiteElo "2376"]
[BlackElo "2199"]

1.d4 d5 2.Nf3 Nf6 3.c4 c6 4.Qc2 g6 5.Bf4 Bg7 6.e3 O-O 7.Nc3 a6 8.Be2 e6 9.h3 Nbd7
10.O-O Re8 11.Bg3 dxc4 12.Bxc4 b5 13.Be2 Bb7 14.Rfd1 Qb6 15.a4 Rac8 16.a5 Qd8
17.b4 Qe7 18.Qb3 Nd5 19.Ne4 e5 20.dxe5 Nxe5 21.Nxe5 Bxe5 22.Bxe5 Qxe5 23.Bf3 Rcd8
24.Rac1 Ne7 25.Nc5 Bc8 26.Rb1 Bf5 27.Qb2 Qxb2 28.Rxb2 Ra8 29.Rd6 Ra7 30.Bxc6 Rc8
31.Bf3  1-0

[Event "49th ch-IND NatA"]
[Site "Aurangabad IND"]
[Date "2011.10.15"]
[Round "7"]
[White "Kunte,A"]
[Black "Gopal,G"]
[Result "1/2-1/2"]
[WhiteElo "2528"]
[BlackElo "2572"]

1.d4 d5 2.c4 c6 3.Nf3 Nf6 4.Qb3 dxc4 5.Qxc4 Bg4 6.Nbd2 Nbd7 7.g3 e6 8.Bg2 Be7
9.O-O O-O 10.Nb3 Rc8 11.Bg5 h6 12.Bxf6 Bxf6 13.Rac1 Bh5 14.Rfd1 Qc7 15.Nc5 Nxc5
16.Qxc5 Bxf3 17.Bxf3 Be7 18.Qc3 Bf6 19.Qc5 Be7 20.Qc3 Bf6 21.Qc5  1/2-1/2

[Event "Indonesia Open"]
[Site "Jakarta INA"]
[Date "2011.10.17"]
[Round "6.32"]
[White "Mahmud,S"]
[Black "Panggabean,H"]
[Result "1-0"]
[WhiteElo "2315"]
[BlackElo "2199"]

1.d4 d5 2.Nf3 Nf6 3.c4 c6 4.g3 Bf5 5.Nc3 e6 6.Bg2 h6 7.O-O Nbd7 8.b3 Be7
9.Bb2 O-O 10.Ne5 Nxe5 11.dxe5 Nd7 12.e4 dxe4 13.Nxe4 Nc5 14.Nd6 Bxd6 15.exd6 Nd3
16.Bc3 Qxd6 17.Qe2 Rfd8 18.Rad1 Qf8 19.Rd2 Nc5 20.Bb4 Rxd2 21.Qxd2 Rd8 22.Qc3 b6
23.Bxc6 Rd3 24.Qc2 Qd6  1-0

[Event "5th SPICE Cup GpB"]
[Site "Lubbock USA"]
[Date "2011.10.17"]
[Round "5"]
[White "Ippolito,D"]
[Black "Amanov,M"]
[Result "0-1"]
[WhiteElo "2477"]
[BlackElo "2541"]

1.d4 d5 2.c4 c6 3.Nf3 Nf6 4.Qb3 dxc4 5.Qxc4 Bf5 6.Nc3 Nbd7 7.g3 e6 8.Bg2 Be7
9.O-O O-O 10.Qb3 Qb6 11.Qxb6 axb6 12.Nh4 Bc2 13.Bd2 h6 14.f4 b5 15.Nd1 Ne4
16.Be1 Bxd1 17.Rxd1 Nd6 18.a3 Nc4 19.Rb1 Ndb6 20.Bc3 Na4 21.Rfc1 Bxh4 22.gxh4 Rfd8
23.e4 Nxc3 24.bxc3 Rxa3 25.d5 Ne3 26.dxe6 fxe6 27.Bh3 Kf7 28.Kf2 Rd3  0-1

[Event "XXIX Balaton Open A"]
[Site "Heviz HUN"]
[Date "2011.10.19"]
[Round "2"]
[White "Arjun,B"]
[Black "Razsits,G"]
[Result "1-0"]
[WhiteElo "2156"]
[BlackElo "2019"]

1.Nf3 d5 2.d4 c6 3.c4 dxc4 4.e3 b5 5.a4 Qb6 6.axb5 cxb5 7.b3 cxb3 8.Qxb3 b4
9.Qd5 Bb7 10.Bb5+ Bc6 11.Ne5 Qxb5 12.Qxf7+ Kd8 13.Qxf8+ Kc7 14.Qxg7 Nf6 15.Qxh8 Nbd7
16.Qg7 Nxe5 17.dxe5 Qxe5 18.Qg3 Qxg3 19.hxg3 Bxg2 20.Rh4 a5 21.Rxb4 axb4
22.Rxa8 Bxa8 23.Bb2 Kd6 24.Nd2 Kc5 25.Ke2 Bc6 26.f3 Nd5 27.Nb3+ Kb6 28.e4 Bb5+
29.Kd2 Ba4 30.Nd4 Nc7 31.Nf5 e6 32.Ng7 Kc5 33.Be5 Nb5 34.Nxe6+ Kc4 35.f4 Nc3
36.Bxc3 bxc3+ 37.Kc1 Be8 38.Ng7 Bf7 39.e5 Kd5 40.Kc2 h5 41.Kxc3 Ke4 42.e6 Bxe6
43.Nxe6 Kf3 44.f5 Kxg3 45.f6 h4 46.f7 h3 47.f8=Q h2 48.Qf1  1-0

[Event "49th ch-IND NatA"]
[Site "Aurangabad IND"]
[Date "2011.10.20"]
[Round "12"]
[White "Laxman,R"]
[Black "Ghosh,D"]
[Result "1/2-1/2"]
[WhiteElo "2451"]
[BlackElo "2288"]

1.Nf3 d5 2.d4 Nf6 3.c4 c6 4.Qc2 dxc4 5.Qxc4 Bg4 6.Nc3 Nbd7 7.e4 Bxf3 8.gxf3 e5
9.Be3 Bd6 10.O-O-O Qe7 11.Ne2 g6 12.Bh3 Rd8 13.Kb1 Nb6 14.Qc2 exd4 15.Nxd4 O-O
16.Bh6 Rfe8 17.Bg5 Be5 18.Ne2 Qb4 19.Qb3 Qxb3 20.axb3 Rxd1+ 21.Rxd1 Nh5 22.Bg4 Nf6
23.Bh3 Nh5 24.Rh1 Bc7 25.Bg4 Ng7 26.Nc3 Ne6 27.Bxe6 Rxe6 28.h4 h5 29.f4 Nd7
30.e5 f6 31.exf6 Nxf6 32.Rd1 Kf7 33.b4 Rd6 34.Re1 Bd8 35.b5 Ba5 36.bxc6 Rxc6
37.Re3 Bxc3 38.bxc3 Nd5 39.Re5 Nxc3+ 40.Kb2 Nd1+ 41.Kb3 Re6 42.Rd5 Nxf2 43.f5 Rb6+
44.Ka4 Ng4 45.Rd7+  1/2-1/2

[Event "TCh-SVK Extraliga 2011-12"]
[Site "Slovakia SVK"]
[Date "2011.10.22"]
[Round "1"]
[White "Macak,S"]
[Black "Straka,Joz"]
[Result "1/2-1/2"]
[WhiteElo "2368"]
[BlackElo "1993"]

1.d4 d5 2.c4 c6 3.Nf3 Nf6 4.Qc2 dxc4 5.Qxc4 Bf5 6.g3 e6 7.Bg2 Nbd7 8.O-O Be7
9.Nc3 O-O 10.Bg5 Ne4 11.Bxe7 Qxe7 12.Rfd1 Nxc3 13.Qxc3 Be4 14.Rac1 Rfd8 15.Ne1 Bxg2
16.Nxg2  1/2-1/2

[Event "TCh-SVK Extraliga 2011-12"]
[Site "Slovakia SVK"]
[Date "2011.10.22"]
[Round "1"]
[White "Bednar,Mil"]
[Black "Palecek,P"]
[Result "1/2-1/2"]
[WhiteElo "2272"]
[BlackElo "2227"]

1.d4 d5 2.c4 c6 3.Nf3 Nf6 4.g3 e6 5.Bg2 Nbd7 6.O-O dxc4 7.a4 Be7 8.Nc3 O-O
9.Nd2 e5 10.Nxc4 exd4 11.Qxd4 Nc5 12.Qxd8 Rxd8 13.Bf4 Nb3 14.Rad1 Be6 15.Bd6 Kf8
16.Bxe7+ Kxe7 17.Ne5 Rxd1 18.Rxd1 Rd8 19.Rxd8 Kxd8  1/2-1/2

[Event "TCh-SVK Extraliga 2011-12"]
[Site "Slovakia SVK"]
[Date "2011.10.23"]
[Round "2"]
[White "Tibensky,R"]
[Black "Schwarz,Du"]
[Result "1-0"]
[WhiteElo "2410"]
[BlackElo "2286"]

1.d4 d5 2.c4 c6 3.Nf3 Nf6 4.Qc2 dxc4 5.Qxc4 Bf5 6.Nc3 e6 7.g3 Nbd7 8.Bg2 Be7
9.Qb3 Qb6 10.Nd2 Qxb3 11.axb3 Bc2 12.Nc4 Bb4 13.Na5 Bxa5 14.Rxa5 Bxb3 15.O-O O-O
16.e4 Rfe8 17.e5 Nd5 18.Ne4 b6 19.Ra3 Bc2 20.Nd6 Rf8 21.Bd2 c5 22.dxc5 Nxc5
23.b4 Nd3 24.Bxd5 exd5 25.Rc3 Nxb4 26.Rc7 Bd3 27.Bxb4 Bxf1 28.Kxf1 a5 29.Ba3 Rfb8
30.Rxf7 b5 31.e6 Rb6 32.Nf5 Rxe6 33.Rxg7+ Kh8 34.Bb2 Rae8 35.Rg5+ Re5 36.Nh6  1-0

[Event "26th Le Touquet Open"]
[Site "Le Touquet FRA"]
[Date "2011.10.24"]
[Round "3.4"]
[White "Song,Ju"]
[Black "Cioara,A"]
[Result "0-1"]
[WhiteElo "2314"]
[BlackElo "2436"]

1.Nf3 Nf6 2.c4 c6 3.d4 d5 4.Qb3 dxc4 5.Qxc4 Bg4 6.Nbd2 Nbd7 7.g3 e6 8.Bg2 Be7
9.O-O O-O 10.Qb3 Qb6 11.Nc4 Qa6 12.e3 Nb6 13.Nce5 Bf5 14.Nd2 Rfd8 15.Re1 Nfd7
16.e4 Bg6 17.Nxg6 hxg6 18.Nf3 c5 19.Bf1 Qa4 20.Qxa4 Nxa4 21.b3 Nab6 22.Bb2 Rac8
23.Rac1 a6 24.Red1 cxd4 25.Bxd4 Ba3 26.Rxc8 Rxc8 27.Bd3 Nc5 28.Bb1 Nbd7 29.Kf1 a5
30.Bc3 b6 31.Nd2 Bb4 32.Bxb4 axb4 33.Ke2 g5 34.Nc4 Kf8 35.f3 Ke7 36.Nd6 Rh8
37.h4 gxh4 38.gxh4 Ne5 39.f4 Ng6 40.Ke3 Nxh4 41.e5 f6 42.Rg1 g5 43.Nc4 gxf4+
44.Kxf4 fxe5+ 45.Nxe5 Rf8+ 46.Ke3 Kd6 47.Nc4+ Kc6 48.Be4+ Nxe4 49.Kxe4 Rf5
50.Rc1 Rc5 51.Ne5+ Kb5 52.Nc4 Nf5 53.Rd1 Kc6 54.Ne5+ Kc7 55.Rd7+ Kc8 56.Rd3 Rc2
57.Ng6 Rxa2 58.Nf4 Ng7 59.Ke5 Kc7 60.Rd4 Ra5+ 61.Ke4 Rb5 62.Nd3 Nf5 63.Rc4+ Kd6
64.Nxb4 Ne7 65.Rd4+ Nd5 66.Nxd5 exd5+ 67.Kd3 Rxb3+ 68.Kc2 Rh3 69.Rg4 Kc5
70.Kb2 d4 71.Rg8 b5 72.Rc8+ Kb4 73.Rd8 Rh2+ 74.Kc1 Kc3 75.Rc8+ Kd3 76.Rb8 Rh1+
77.Kb2 Ke2 78.Rxb5 d3 79.Re5+ Kd1 80.Rd5 d2 81.Kc3 Rh3+ 82.Kb2 Rh2 83.Kc3 Kc1
84.Ra5 Rh3+  0-1

[Event "26th Le Touquet Open"]
[Site "Le Touquet FRA"]
[Date "2011.10.24"]
[Round "4.1"]
[White "Cioara,A"]
[Black "Romanov,E"]
[Result "1/2-1/2"]
[WhiteElo "2436"]
[BlackElo "2639"]

1.d4 d5 2.c4 c6 3.Nf3 Nf6 4.Qb3 dxc4 5.Qxc4 Bg4 6.Nc3 Nbd7 7.e4 Bxf3 8.gxf3 e5
9.Be3 exd4 10.Bxd4 Bd6 11.O-O-O Qe7 12.Ne2 Ne5 13.Qc3 c5 14.Be3 Nxf3 15.Rxd6 Qxd6
16.Bf4 Qe6 17.Qxf3 Qxe4 18.Qxe4+ Nxe4 19.Ng3 Nxg3 20.Bb5+ Ke7 21.hxg3 c4
22.Re1+ Kf6 23.Be5+ Kg6 24.Bc3 a6 25.Bxc4 Rhe8 26.Bd3+ f5 27.Rh1 Rad8 28.Kc2 h5
29.Rh4 Re7 30.Rb4 Rd5 31.Rd4 Rxd4 32.Bxd4 Kg5 33.Be3+ Kf6 34.Be2 g6 35.Bd4+ Ke6
36.Bc4+ Kd6 37.Kd3 b5 38.Bb3 a5 39.a4 bxa4 40.Bxa4 g5 41.Bf6 Re4 42.Bd1 h4
43.Bxg5 h3 44.Bf3 h2 45.Be3 Ra4 46.Kc2 Ra1 47.Bc1 a4 48.Bg2 Ke6 49.Ba8 Kd7
50.Bf3 Ke7 51.Bb7  1/2-1/2

[Event "19th Skopje Open"]
[Site "Skopje MKD"]
[Date "2011.10.24"]
[Round "1"]
[White "Sekulovska,V"]
[Black "Georgiev,Vl"]
[Result "0-1"]
[WhiteElo "2105"]
[BlackElo "2574"]

1.d4 d5 2.c4 dxc4 3.Nf3 c6 4.a4 Bg4 5.Ne5 Be6 6.e3 Nf6 7.Nc3 Nbd7 8.Nxc4 g6
9.Be2 Bg7 10.O-O O-O 11.e4 Bxc4 12.Bxc4 e5 13.d5 Nb6 14.Bb3 cxd5 15.exd5 Rc8
16.Bg5 h6 17.Be3 Qd7 18.Qe2 Rcd8 19.Rfd1 Qd6 20.h3 a6 21.a5 Nbd7 22.Na4 Rc8
23.Nb6 Nxb6 24.Bxb6 Nd7 25.Be3 e4 26.Qd2 g5 27.Bd4 Be5 28.Bxe5 Nxe5 29.Ra4 f5
30.Rb4 Nd7 31.Rxb7 Rb8 32.Rxb8 Rxb8 33.Bc4 Kg7 34.Qe2 Ne5 35.b3 Kg6 36.Rc1 Rc8
37.Qb2 g4 38.h4 g3 39.Rc3 gxf2+ 40.Qxf2 Rc5 41.Rg3+ Ng4 42.h5+ Kg5 43.Qd2+ Kxh5
44.Rh3+ Kg6 45.Rh4 h5 46.Rh3 Qe5 47.Qc3 Qf4 48.Qd4 Rxd5 49.Qb6+ Rd6 50.Bf7+ Kf6  0-1

[Event "World Youth U16 Ol"]
[Site "Kocaeli TUR"]
[Date "2011.10.25"]
[Round "3.6"]
[White "Fedoseev,Vl3"]
[Black "Bajarani,U"]
[Result "1/2-1/2"]
[WhiteElo "2523"]
[BlackElo "2434"]

1.d4 d5 2.c4 c6 3.Nf3 Nf6 4.Qb3 dxc4 5.Qxc4 Bf5 6.g3 e6 7.Bg2 Nbd7 8.O-O Be7
9.e3 O-O 10.Nbd2 Rc8 11.Nh4 Bg4 12.h3 Bh5 13.Qb3 Be2 14.Re1 Ba6 15.e4 e5
16.Nf5 exd4 17.e5 Nd5 18.Qf3 g6 19.Nb3 d3 20.h4 Bb4 21.Re4 f6 22.Nh6+ Kg7
23.e6 Ne5 24.Rxe5 fxe5 25.Nf7 d2 26.Nxd2 Qf6 27.Bh3 e4 28.Qxf6+ Nxf6 29.Nb3 Rce8
30.Bh6+ Kg8 31.Bxf8 Bxf8 32.Rc1 Be2 33.Nc5 Bxc5 34.Rxc5 Kf8 35.Ra5 a6 36.Ra3 Ke7
37.Rb3 b5 38.Ra3 b4 39.Ra5 Bc4 40.Ne5 Bb5 41.Bf1 Kd6 42.Nc4+ Kxe6 43.a4 bxa3
44.bxa3 Rb8 45.a4 Bxc4 46.Bxc4+ Kd6 47.Rxa6 Rb1+ 48.Kg2 Rb2 49.Bb5 Rc2 50.a5 e3
51.Bxc6 Rxc6 52.Rxc6+ Kxc6 53.fxe3 Kb5 54.Kf3 Kxa5 55.Kf4 Kb5 56.Ke5 Ng4+
57.Kf4 Nf6  1/2-1/2

[Event "World Youth U16 Ol"]
[Site "Kocaeli TUR"]
[Date "2011.10.25"]
[Round "3.1"]
[White "Grigoryan,K2"]
[Black "Grover,S"]
[Result "1-0"]
[WhiteElo "2473"]
[BlackElo "2514"]

1.d4 d5 2.c4 c6 3.Nf3 Nf6 4.Qc2 Ng8 5.Qd1 Nf6 6.Qc2 dxc4 7.Qxc4 Bg4 8.Nc3 Nbd7
9.e4 e5 10.Nxe5 Nxe5 11.dxe5 Be6 12.Qa4 Ng4 13.Be2 Nxe5 14.O-O Bc5 15.Qc2 Qe7
16.Bf4 f6 17.Rad1 a6 18.Bg3 O-O 19.Kh1 Rad8 20.h3 Bd4 21.Rd2 c5 22.b3 Kh8
23.Re1 f5 24.f4 Nc6 25.Bf3 Nb4 26.Qc1 fxe4 27.Nxe4 h6 28.a3 Nc6 29.Bf2 Bxf2
30.Rxf2 Nd4 31.Qxc5 Qh4 32.Qh5 Qxh5 33.Bxh5 Bxb3 34.Nc5 Bd5 35.Bg6 Rf6 36.Bb1 Ne6
37.Nd3 Rdf8 38.f5 Nd4 39.Ne5 Bc6 40.Rd1 Rd6 41.Rfd2  1-0

[Event "12th Liberec Open"]
[Site "Liberec CZE"]
[Date "2011.10.25"]
[Round "4"]
[White "Sivuk,V"]
[Black "Straka,V"]
[Result "1-0"]
[WhiteElo "2436"]
[BlackElo "2246"]

1.d4 d5 2.c4 c6 3.Nf3 Nf6 4.Qb3 dxc4 5.Qxc4 Bf5 6.g3 e6 7.Bg2 Nbd7 8.O-O Be7
9.Nc3 h6 10.Qb3 Qb6 11.Nd2 O-O 12.Nc4 Qa6 13.e4 Bh7 14.Re1 Rac8 15.Bf4 Nb6
16.Nd6 Rcd8 17.Bf1 Qa5 18.Nxb7 Qh5 19.Nxd8 Rxd8 20.Rad1 Bg6 21.h3 Qa5 22.a3 Kh7
23.Qa2 Na4 24.Nxa4 Qxa4 25.e5 Nd5 26.Qc4 Qa5 27.Bc1 Qb6 28.Qa6 Qb3 29.Bc4 Qf3
30.Bd3 c5 31.Bxg6+ fxg6 32.Qxe6 cxd4 33.Qg4 Qb3 34.Qe4 Bc5 35.h4 Ne7 36.Rd3 Qe6
37.h5 Kh8 38.hxg6 Nxg6 39.b4 Bb6 40.Bb2 Rd5 41.Bxd4  1-0

[Event "ch-CRC 2011"]
[Site "San Jose CRC"]
[Date "2011.10.25"]
[Round "8"]
[White "Bermudez Munoz,A"]
[Black "Munoz,Ca"]
[Result "1/2-1/2"]
[WhiteElo "2064"]
[BlackElo "2017"]

1.d4 d5 2.c4 c6 3.Nf3 Nf6 4.Qc2 dxc4 5.Qxc4 Be6 6.Qd3 Bd5 7.Nc3 Bxf3 8.gxf3 e6
9.e4 Be7 10.Rg1 g6 11.Bh6 Na6 12.a3 Qb6 13.O-O-O O-O-O 14.Qc4 Kb8 15.Bf4+ Ka8
16.Qa4 Nc7 17.Qc2 Rd7 18.e5 Nh5 19.Be3 Nd5 20.Na4 Qc7  1/2-1/2